00558nam a22001697a 450000500170000001000150001702000260003203500130005803700130007108200080008424500700009226000330016227001030019530000200029850000500031870000200036820150615111837.0 aENG-113062 a9789385160226c695.00 aEN-96594 bDBAD/PUB a920 aBharat Ratna Pt. Madan Mohan Malviya /cedited by Harsharan Singh aNew DelhibLenin Mediac2015 a204-205, IInd Floor, Durga Complex Centre Shoping Complex Mayur Vihar, Phase-IIbNew Delhie110091 a256p.c22cm(Hb) aIncludes bibliographical references and index aHarsharan Singh